100 приемов эффективного брендинга: пер. с англ.

Detalles Bibliográficos
Autor Principal: Эллвуд Я. Ян
Summary:В этой книге рассматриваются новейшие тенденции в бизнесе и маркетинге, показывается их влияние на практику бренд-менеджмента. Подробно рассказывается об элементах брендинга применительно к разным бизнес-моделям, рыночным категориям и способам коммуникации. Книга охватывает все основные аспекты современного бренд-менеджмента и представляет новые методы максимизации потенциальных выгод торговой марки.
Idioma:ruso
Publicado: СПб., Питер, 2002
Series:Маркетинг для профессионалов
Subjects:
Formato: MixedMaterials Libro
KOHA link:https://koha.lib.tpu.ru/cgi-bin/koha/opac-detail.pl?biblionumber=44062

MARC

LEADER 00000nam0a2200000 4500
001 44062
005 20231031021806.0
010 |a 5974231093 
035 |a (RuTPU)RU\TPU\book\45692 
090 |a 44062 
100 |a 20021104d2002 k y0rusy50 ca 
101 1 |a rus  |c eng 
102 |a RU 
105 |a a z 001zy 
200 1 |a 100 приемов эффективного брендинга  |e пер. с англ.  |f Я. Эллвуд 
210 |a СПб.  |c Питер  |d 2002 
215 |a 368 с.  |c ил. 
225 1 |a Маркетинг для профессионалов 
320 |a Библиогр.: с. 351-357. 
320 |a Имен., предм. указ.: с. 358-363. 
320 |a Указ. фирм и торговых марок: с. 364-367. 
330 |a В этой книге рассматриваются новейшие тенденции в бизнесе и маркетинге, показывается их влияние на практику бренд-менеджмента. Подробно рассказывается об элементах брендинга применительно к разным бизнес-моделям, рыночным категориям и способам коммуникации. Книга охватывает все основные аспекты современного бренд-менеджмента и представляет новые методы максимизации потенциальных выгод торговой марки. 
610 1 |a экономика 
610 1 |a бизнес 
610 1 |a маркетинг 
610 1 |a бренды 
610 1 |a брендинг 
610 1 |a марочные стратегии 
610 1 |a торговые марки 
610 1 |a бренд-медиа 
610 1 |a брендсайт 
686 |a У821.4  |v LBC/SL-A  |2 rubbk 
700 1 |a Эллвуд  |b Я.  |g Ян 
801 1 |a RU  |b 63413507  |c 20021104  |g PSBO 
801 2 |a RU  |b 63413507  |c 20180530  |g PSBO 
900 |a Брэндинг 
942 |c BK